000 00761cam a22002531a 4500
001 45385
003 BD-RjUL
005 20211209054014.0
008 720420r19621948ilu b 001 0 eng
035 _a(BD-RjUL)45503
035 _a(OCoLC)289410
040 _aDLC
_cOUrC
_dBD-RjUL
_beng
041 _aeng
082 _a338.973
_223
_bSIE 1962
100 1 _aSimons, Henry Calvert
_d1899-1946.
_9134329
245 1 0 _aEconomic policy for a free society /
_cby Henry C. Simons.
260 _aChicago :
_bUniversity of Chicago Press,
_cc1948
300 _aix, 353 p. ;
_c22 cm.
500 _aIncludes index.
504 _aBibliography: p. 313-316.
650 0 _aEconomic policy.
_9138953
651 0 _aUnited States
_xEconomic policy.
_9138954
942 _2ddc
_cBK
999 _c45385
_d45385